césars du meilleur espoir masculin - Statistiques

Statistiques générales
  • Ce quiz a été pris 102 fois
  • Le résultat moyen est 9 sur 34
Statistiques - réponses
Hint Réponse % Correct
1996 guillaume depardieu
57%
2005 gaspard ulliel
53%
2010 tahar rahim
51%
1984 richard anconina
47%
2016 rod paradot
43%
1983 christophe malavoy
36%
1995 mathieu kassovitz
36%
2006 louis garrel
34%
1992 manuel blanc
32%
2007 malik zidi
30%
1990 yvan attal
28%
1997 mathieu amalric
26%
2012 grégory gadebois
23%
1994 olivier martinez
23%
1986 wadeck stanczak
23%
2000 eric caravaca
21%
1991 gérald thomassin
21%
2015 kévin azais
21%
2014 pierre deladonchamps
21%
2002 robinson stevenin
21%
1989 stéphane freiss
21%
1988 thierry frémont
21%
1999 bruno putzulu
17%
2004 grégori derangère
17%
2003 jean paul rouve
17%
2009 marc andré grondin
17%
1985 pierre loup rajot
17%
1993 emmanuel salinger
15%
1987 isaac de bankolé
13%
2011 edgar ramirez
11%
2001 jalil lespert
11%
2008 laurent stocker
11%
2013 matthias schoenaerts
11%
1998 stanilas mehrar
6%
Aucun quiz correspondant
Distribution des résultats
% des personnes avec chaque résultat
Percentile par nombre de réponses
Votre historique - résultats
Vous n’avez pas pris ce quiz